000
00338nam a22001457a 4500
008
210311b ||||| |||| 00| 0 eng d
020
_a
9780030238116
041
_a
eng
080
_a
334.7
082
_a
334.7
100
_a
55
101
_a
STA
245
_a
Financial Reporting and Statement Analysis
_c
Stickney,P.C
942
_2
udc
_c
BK
999
_c
56329
_d
56329